| 000 | 01079nam a2200217 4500 | ||
|---|---|---|---|
| 001 | 139498 | ||
| 003 | ES-MaACL | ||
| 005 | 20250815062640.0 | ||
| 007 | t| | ||
| 008 | 070214q1910 sp r ||||1| spa d | ||
| 100 | 1 |
_aScheel, E. _9104257 |
|
| 245 | 1 | 3 |
_aLa explotación de las riquezas por el Estado y por el municipio _b: estudio sobre las explotaciones, por los estados modernos, de tierras, minas, manufacturas, empresas comerciales, correos, telégrafos, teléfonos y ferrocarriles / _cpor E. Scheel . Sobre abastecimiento de aguas, fábricas de gas, de electricidad, tranvías y mataderos / por Paul Mombert ; traducción completa del alemán por Vicente Gay. |
| 260 |
_aMadrid : _bLa España Moderna, _c[1910?] ( _fImp. de V. Tordesillas) |
||
| 300 |
_a220 p. ; _c23 cm. |
||
| 490 | 1 |
_aBiblioteca de jurisprudencia, filosofía e historia ; _v508 |
|
| 700 | 1 |
_aMombert, Paul. _982074 |
|
| 700 | 1 |
_aGay, Vicente, _d1876-1949 _956113 |
|
| 830 | 0 | 0 |
_aBiblioteca de jurisprudencia, filosofía e historia _v508 _9180691 |
| 852 |
_aES-MaACL _jF-14937 |
||
| 999 |
_c139498 _d139498 |
||